[Event "Championnat de France - Open C"]
[Site "Aix-les-Bains"]
[Date "????.??.??"]
[Round "9.5"]
[White "Perradin, Vincent"]
[Black "Fahys, Bertrand"]
[Result "1-0"]
[WhiteElo "1780"]
[BlackElo "1740"]
[PlyCount "117"]

1. e4 d5 2. exd5 Nf6 3. Nf3 c6 4. dxc6 Nxc6 5. d4 Bg4 6. Bb5 Qa5+ 7. Nc3 Ne4 8.
Qd3 Nxc3 9. Bxc6+ bxc6 10. bxc3 Bf5 11. Qc4 Be4 12. Ne5 Qd5 13. f3 Qxc4 14.
Nxc4 Bxc2 15. Kd2 Bf5 16. Ba3 h5 17. Rhe1 e6 18. Bxf8 Kxf8 19. Nd6 Bg6 20. c4
Rb8 21. Kc3 Ke7 22. c5 Kd7 23. Re2 h4 24. Rae1 a5 25. f4 Rh5 26. Rd2 Ke7 27.
Ree2 Rb1 28. Rb2 Rc1+ 29. Kb3 a4+ 30. Kxa4 Rh8 31. Rb7+ Kf6 32. Ka5 Ra8+ 33.
Kb6 Rb1+ 34. Kxc6 Rxb7 35. Kxb7 Ra4 36. Rb2 Ke7 37. Nb5 Kd8 38. a3 Ra5 39. Kb6
Ra4 40. Rb4 Ra8 41. c6 Rb8+ 42. Ka7 Rxb5 43. Rxb5 Kc7 44. Rc5 Be4 45. g3 hxg3
46. hxg3 f5 47. Ka6 Bd3+ 48. Ka5 Be4 49. Kb4 Bxc6 50. a4 Kb7 51. Rxc6 Kxc6 52.
a5 g6 53. Ka4 Kd5 54. a6 Kxd4 55. a7 e5 56. fxe5 Kxe5 57. a8=Q Kf6 58. Qf3 Kg5
59. Kb4 1-0

[Event "Championnat de France - Open C"]
[Site "Aix-les-Bains"]
[Date "????.??.??"]
[Round "9.6"]
[White "Houdeyer, Hendricks"]
[Black "Catherine, Bertrand"]
[Result "0-1"]
[WhiteElo "1660"]
[BlackElo "1760"]
[PlyCount "52"]

1. e4 c6 2. d4 d5 3. exd5 cxd5 4. Bd3 Nf6 5. Ne2 Nc6 6. c3 Bg4 7. f3 Bh5 8. Qb3
Qd7 9. Bf4 e6 10. Nd2 Bg6 11. Bxg6 hxg6 12. Qb5 Ne5 13. Qxd7+ Nexd7 14. O-O-O
b5 15. g4 Nb6 16. a3 Nc4 17. Nxc4 bxc4 18. Kc2 Kd7 19. Ng3 Bd6 20. Be5 Rh3 21.
Rd2 Rah8 22. Rg2 Ke7 23. g5 Bxe5 24. dxe5 Nd7 25. f4 Nc5 26. Ne2 R8h4 0-1

[Event "Championnat de France - Open C"]
[Site "Aix-les-Bains"]
[Date "????.??.??"]
[Round "9.7"]
[White "Fontaine, Olivier"]
[Black "Salgues, Michel"]
[Result "1-0"]
[WhiteElo "1760"]
[BlackElo "1711"]
[PlyCount "105"]

1. d4 Nf6 2. Nf3 b6 3. c4 Bb7 4. e3 e6 5. Be2 c5 6. O-O cxd4 7. Nxd4 Nc6 8. Nb3
Be7 9. Bf3 Qc7 10. Nc3 O-O 11. Qe2 Ne5 12. Bxb7 Neg4 13. f4 Qxb7 14. e4 Nh6 15.
f5 Nfg4 16. h3 Ne5 17. Bxh6 gxh6 18. f6 Bd6 19. Rad1 Qc7 20. Nb5 Bc5+ 21. Kh1
Qc6 22. Nxc5 Qxc5 23. b4 Qxc4 24. Qh5 Qxe4 25. Rfe1 Qf4 26. Qxe5 Qxe5 27. Rxe5
d5 28. Rc1 a5 29. a3 axb4 30. axb4 Ra4 31. Rb1 Ra2 32. Nd4 Rc8 33. Re2 Ra4 34.
Rc2 Rxc2 35. Nxc2 Kf8 36. Ra1 b5 37. Rxa4 bxa4 38. Kg1 Ke8 39. Kf2 Kd7 40. Ke3
e5 41. Kd3 Ke6 42. Kc3 Kxf6 43. b5 Ke6 44. Kb4 Kd6 45. Kxa4 d4 46. Kb4 Kd5 47.
b6 d3 48. Ne3+ Kc6 49. Kc3 d2 50. Kxd2 e4 51. Nc4 f5 52. Ke3 Kd5 53. b7 1-0

[Event "Championnat de France - Open C"]
[Site "Aix-les-Bains"]
[Date "????.??.??"]
[Round "9.8"]
[White "Gelin, Baptiste"]
[Black "Rost, Pierre"]
[Result "1-0"]
[WhiteElo "1705"]
[BlackElo "1772"]
[PlyCount "53"]

1. e4 c5 2. Nf3 e6 3. Nc3 Nc6 4. d4 cxd4 5. Nxd4 Qc7 6. Be3 a6 7. Qd2 Nf6 8.
O-O-O Bb4 9. f3 O-O 10. g4 b5 11. h4 Na5 12. h5 Nc4 13. Bxc4 Qxc4 14. g5 Bxc3
15. bxc3 Qxa2 16. Nb3 Qa3+ 17. Kb1 Nxe4 18. fxe4 Qa4 19. Rde1 f5 20. gxf6 Rxf6
21. Bd4 Rf7 22. Reg1 Qa3 23. Qh6 Qe7 24. Rg2 Bb7 25. Rhg1 e5 26. Bc5 Rf6 27.
Rxg7+ 1-0

[Event "Championnat de France - Open C"]
[Site "Aix-les-Bains"]
[Date "????.??.??"]
[Round "9.9"]
[White "Pouchon, Joffrey"]
[Black "Bugnet, Jean-Francois"]
[Result "1-0"]
[WhiteElo "1770"]
[BlackElo "1630"]
[PlyCount "143"]

1. d4 d5 2. Nf3 Nf6 3. Bg5 e6 4. e3 c6 5. c4 Nbd7 6. Nc3 Be7 7. Be2 b6 8. O-O
O-O 9. Rc1 Bb7 10. a3 a6 11. b4 b5 12. c5 Qc7 13. Bf4 Qd8 14. h3 Nh5 15. Bh2 f5
16. Ne5 Nhf6 17. a4 Ne4 18. a5 Nxe5 19. Bxe5 Nxc3 20. Rxc3 Qd7 21. Bd3 Bd8 22.
f4 Bc7 23. Rf3 Bxe5 24. fxe5 Qf7 25. e4 dxe4 26. Bxe4 Qh5 27. Bc2 Rae8 28. Bb3
Bc8 29. Qf1 Kh8 30. Qf2 Qh6 31. Rce3 Re7 32. Re1 g5 33. Rf1 Rg7 34. g4 f4 35.
Bd1 Rgf7 36. h4 Qxh4 37. Qxh4 gxh4 38. Kh2 h6 39. Kh3 Kg7 40. Kxh4 Bd7 41. Bc2
Be8 42. g5 h5 43. g6 Rd7 44. Rxf4 Rxd4 45. Rxd4 Rxf1 46. Kxh5 Bxg6+ 47. Bxg6
Rh1+ 48. Kg5 Rg1+ 49. Kf4 Kxg6 50. Rd6 Rf1+ 51. Ke4 Re1+ 52. Kd4 Kf5 53. Rxc6
Rh1 54. Rxa6 Rh4+ 55. Ke3 Kxe5 56. Rb6 Rxb4 57. a6 Ra4 58. Rd6 Ra5 59. Kd3 b4
60. Kc4 b3 61. Rb6 b2 62. Rxb2 Rxa6 63. Kb5 Ra8 64. Rd2 Rb8+ 65. Kc6 Rc8+ 66.
Kb6 Kf4 67. c6 e5 68. Kb7 Rxc6 69. Kxc6 e4 70. Kd5 Kf3 71. Kd4 e3 72. Rd3 1-0

[Event "Championnat de France - Open C"]
[Site "Aix-les-Bains"]
[Date "????.??.??"]
[Round "9.10"]
[White "Monpeurt, Cyrielle"]
[Black "Pugin, Jean-Louis"]
[Result "0-1"]
[WhiteElo "1750"]
[BlackElo "1770"]
[PlyCount "82"]

1. e4 c5 2. d4 cxd4 3. c3 dxc3 4. Nxc3 e6 5. Nf3 Bc5 6. Bc4 b6 7. O-O Ne7 8.
Qe2 Bb7 9. Rd1 O-O 10. Bf4 Ng6 11. Bg3 a6 12. Bxb8 Rxb8 13. Rac1 b5 14. Nxb5
axb5 15. Bxb5 Qb6 16. Bxd7 Rfd8 17. Ng5 h6 18. Nf3 Be7 19. Ba4 Rxd1+ 20. Rxd1
Ba6 21. Qc2 Qxb2 22. Qc7 Be2 23. Rc1 Bxf3 24. gxf3 Bg5 25. Rd1 Bf4 26. Rd8+
Rxd8 27. Qxd8+ Kh7 28. Be8 Ne5 29. Kg2 Be3 30. Qh4 Qxa2 31. Qg3 Bxf2 32. Qxf2
Qxf2+ 33. Kxf2 Kg8 34. Bb5 Ng6 35. Kg3 e5 36. Kg4 Nf4 37. Kf5 f6 38. Bc4+ Kf8
39. Bf1 h5 40. Bc4 Ke7 41. Bb5 g6# 0-1

[Event "Championnat de France - Open C"]
[Site "Aix-les-Bains"]
[Date "2007.08.24"]
[Round "10.1"]
[White "Pinel, Jeremy"]
[Black "Dimart, Denis"]
[Result "1/2-1/2"]
[WhiteElo "1663"]
[BlackElo "1686"]
[PlyCount "107"]
[EventDate "2007.??.??"]

1. e4 e5 2. Nf3 Nc6 3. Bb5 a6 4. Ba4 Nf6 5. O-O b5 6. Bb3 Be7 7. Re1 d6 8. h3
O-O 9. c3 Na5 10. Bc2 c5 11. d4 Qc7 12. d5 Bd7 13. Nbd2 c4 14. Nf1 Nb7 15. g4
Nc5 16. Ng3 g6 17. Bg5 Rfb8 18. Qd2 Qd8 19. Kg2 a5 20. Be3 Rc8 21. g5 Ne8 22.
Nh2 Bf8 23. Ng4 Bg7 24. f3 Rab8 25. a3 Rc7 26. h4 Bxg4 27. fxg4 Qd7 28. Bxc5
Rxc5 29. Bd1 Rc7 30. h5 Rcb7 31. Rb1 b4 32. axb4 axb4 33. Rc1 bxc3 34. bxc3 Nc7
35. Be2 Nb5 36. Rb1 Qc8 37. Rb4 Na3 38. Rxb7 Rxb7 39. Ra1 Qc5 40. Qc1 Ra7 41.
Qb2 Ra5 42. Qb4 Bf8 43. Qxc5 dxc5 44. Nf1 Be7 45. Ne3 Bd8 46. Ra2 Kf8 47. Nxc4
Nxc4 48. Bxc4 Rxa2+ 49. Bxa2 Bxg5 50. Bb3 Be7 51. Kf3 f6 52. c4 Kg7 53. hxg6
hxg6 54. Ba4 1/2-1/2

[Event "Championnat de France - Open C"]
[Site "Aix-les-Bains"]
[Date "2007.08.24"]
[Round "10.2"]
[White "Catherine, Bertrand"]
[Black "Hadamard, Olivier"]
[Result "0-1"]
[WhiteElo "1760"]
[BlackElo "1769"]
[PlyCount "48"]
[EventDate "2007.??.??"]

1. e4 d5 2. Nc3 d4 3. Nce2 Nc6 4. Ng3 e5 5. Nf3 Be6 6. Bb5 Bd6 7. c3 dxc3 8.
bxc3 Nge7 9. O-O a6 10. Ba4 O-O 11. d4 Bc4 12. Re1 exd4 13. cxd4 Bb4 14. Re3 b5
15. Bc2 Ng6 16. a3 Ba5 17. Bb2 Bb6 18. Nf5 Re8 19. Ne1 Nge7 20. Nxg7 Kxg7 21.
Rg3+ Ng6 22. d5+ Nce5 23. Qh5 Qf6 24. Rb1 Qxf2+ 0-1

[Event "Championnat de France - Open C"]
[Site "Aix-les-Bains"]
[Date "2007.08.24"]
[Round "10.3"]
[White "Vinogradov, Dimitri"]
[Black "Bienaime, Pierre"]
[Result "0-1"]
[WhiteElo "1740"]
[BlackElo "1678"]
[PlyCount "68"]
[EventDate "2007.??.??"]

1. e4 d5 2. d4 dxe4 3. Nc3 e5 4. Qh5 exd4 5. Qe5+ Ne7 6. Nb5 Nbc6 7. Qxc7 Nd5
8. Qg3 a6 9. Nxd4 Nxd4 10. Qe5+ Ne6 11. Bc4 Nf6 12. Bd2 Bd6 13. Qc3 O-O 14.
O-O-O Qe7 15. Ne2 b5 16. Bb3 a5 17. Ng3 a4 18. Nf5 Qc7 19. Nxd6 Qxd6 20. Be3
Qb8 21. Bd5 Nxd5 22. Rxd5 b4 23. Qd2 b3 24. cxb3 axb3 25. a3 Bb7 26. Rb5 Rd8
27. Qb4 Qc7+ 28. Bc5 Nxc5 29. Rxc5 Qxc5+ 30. Qxc5 Rdc8 31. Qxc8+ Rxc8+ 32. Kb1
Ba6 33. Rd1 Bd3+ 34. Ka1 f5 0-1

[Event "Championnat de France - Open C"]
[Site "Aix-les-Bains"]
[Date "2007.08.24"]
[Round "10.4"]
[White "Pouchon, Joffrey"]
[Black "Perradin, Vincent"]
[Result "0-1"]
[WhiteElo "1770"]
[BlackElo "1780"]
[PlyCount "58"]
[EventDate "2007.??.??"]

1. d4 Nf6 2. Nf3 e6 3. c4 c5 4. d5 d6 5. Nc3 Be7 6. g3 O-O 7. Bg2 Nbd7 8. dxe6
fxe6 9. O-O Nb6 10. Qd3 d5 11. Nd2 d4 12. Nce4 e5 13. Nxf6+ Rxf6 14. Be4 h6 15.
Nf3 Qc7 16. Bd2 Be6 17. Rfc1 Raf8 18. h4 Bf5 19. a3 Nc8 20. Be1 Nd6 21. Nd2
Nxe4 22. Nxe4 Rg6 23. f3 Bxh4 24. Kh2 Bg5 25. Rcb1 Be3 26. b4 Rg5 27. bxc5 Rh5+
28. Kg2 Bh3+ 29. Kh2 Bf1# 0-1

[Event "Championnat de France - Open C"]
[Site "Aix-les-Bains"]
[Date "2007.08.24"]
[Round "10.5"]
[White "Pugin, Jean-Louis"]
[Black "Della Ragione, Enzo"]
[Result "1-0"]
[WhiteElo "1770"]
[BlackElo "1592"]
[PlyCount "135"]
[EventDate "2007.??.??"]

1. e4 c5 2. Nf3 d6 3. Bb5+ Bd7 4. Bxd7+ Qxd7 5. O-O Nf6 6. Re1 Nc6 7. d4 cxd4
8. Nxd4 g6 9. b3 Bg7 10. Bb2 O-O 11. Nd2 Rfc8 12. c4 Ne5 13. N2f3 Nxf3+ 14.
Nxf3 Rc7 15. Qe2 Rac8 16. e5 Nh5 17. e6 Qxe6 18. Qxe6 fxe6 19. Bxg7 Kxg7 20.
Rxe6 Kf7 21. Ng5+ Kg8 22. Rae1 Re8 23. Rxd6 Ng7 24. Rd2 h6 25. Ne6 Nxe6 26.
Rxe6 Kf7 27. Rde2 Rd7 28. f4 Rd1+ 29. Kf2 Ra1 30. R6e3 Kf6 31. Rd3 e6 32. g4
Re7 33. Kg2 g5 34. fxg5+ Kxg5 35. Kh3 Rg1 36. Rde3 Ra1 37. Re5+ Kf6 38. Kh4
Rxa2 39. Rxe6+ Rxe6 40. Rxa2 Rb6 41. Rf2+ Kg6 42. Rf3 Re6 43. Rd3 b6 44. h3 a5
45. Rd5 Rc6 46. Rb5 Re6 47. c5 bxc5 48. Rxc5 Ra6 49. Kg3 Rb6 50. Rc3 h5 51. Kh4
hxg4 52. hxg4 Kh6 53. Kg3 Rb5 54. Kf3 Kg6 55. Ke3 Kf6 56. Kd3 Rb4 57. Rc6+ Kg5
58. Kc3 Rb5 59. Rc4 Rd5 60. Kb2 Rb5 61. Ka3 Rd5 62. Ka4 Re5 63. Rc6 Kxg4 64.
Rb6 Kf5 65. Rb5 Rxb5 66. Kxb5 Ke6 67. Kxa5 Kd7 68. Kb6 1-0

[Event "Championnat de France - Open C"]
[Site "Aix-les-Bains"]
[Date "2007.08.24"]
[Round "10.6"]
[White "Saucey, Capucine"]
[Black "Fontaine, Olivier"]
[Result "1/2-1/2"]
[WhiteElo "1629"]
[BlackElo "1760"]
[PlyCount "87"]
[EventDate "2007.??.??"]

1. e4 c5 2. Nf3 d6 3. Bb5+ Nc6 4. O-O Bd7 5. Re1 Nf6 6. c3 e6 7. d4 cxd4 8.
cxd4 Be7 9. Nc3 O-O 10. Bd2 a6 11. Bd3 Qb6 12. Na4 Qa7 13. Be3 Ng4 14. Nc3 Nxe3
15. fxe3 b5 16. Rf1 b4 17. Ne2 e5 18. Kh1 Bg4 19. d5 Nd8 20. h3 Bxf3 21. Rxf3
Nb7 22. Ng3 g6 23. Rc1 Nc5 24. Bc4 Bh4 25. Qc2 Bxg3 26. Rxg3 Rac8 27. b3 a5 28.
Rf1 Qe7 29. Kh2 h5 30. Qb1 Qh4 31. Bd3 Nxd3 32. Qxd3 Rc3 33. Qe2 Kh7 34. Qa6
Qxe4 35. Qxd6 Rcc8 36. Rg5 Rce8 37. Qd7 Kh6 38. Rxf7 Kxg5 39. Rxf8 Rxf8 40.
Qe7+ Rf6 41. d6 Qxe3 42. d7 Qf4+ 43. Kh1 Qf1+ 44. Kh2 1/2-1/2

[Event "Championnat de France - Open C"]
[Site "Aix-les-Bains"]
[Date "2007.08.24"]
[Round "10.7"]
[White "Bellaiche, Elise"]
[Black "Gelin, Baptiste"]
[Result "0-1"]
[WhiteElo "1630"]
[BlackElo "1705"]
[PlyCount "68"]
[EventDate "2007.??.??"]

1. e4 e5 2. Nf3 Nc6 3. Bc4 Bc5 4. Nc3 Nf6 5. d3 d6 6. h3 Be6 7. Bb3 Qd7 8. Be3
Bxe3 9. fxe3 O-O-O 10. Qd2 d5 11. exd5 Nxd5 12. Ng5 Qe7 13. Nxe6 fxe6 14. O-O-O
Rhf8 15. Rhf1 Qc5 16. e4 Ne3 17. Bxe6+ Kb8 18. Rxf8 Rxf8 19. Re1 Nxc2 20. Qxc2
Nd4 21. Qd1 Nxe6 22. Qg4 Nf4 23. Qg3 b5 24. Kb1 Rd8 25. Rd1 b4 26. Nd5 Nxd5 27.
exd5 Qxd5 28. Qxg7 b3 29. axb3 Qxb3 30. Qg4 Rxd3 31. Rf1 Rd8 32. Qe4 Qb5 33.
Re1 Rd2 34. Qxe5 Rd1+ 0-1

[Event "Championnat de France - Open C"]
[Site "Aix-les-Bains"]
[Date "2007.08.24"]
[Round "10.8"]
[White "Gobeaut, Benjamin"]
[Black "Guilchard, Benjamin"]
[Result "0-1"]
[WhiteElo "1723"]
[BlackElo "1790"]
[PlyCount "46"]
[EventDate "2007.??.??"]

1. d4 Nf6 2. Nf3 g6 3. c4 Bg7 4. Nc3 O-O 5. Bg5 h6 6. Bh4 d6 7. e3 Nbd7 8. Be2
Re8 9. O-O e5 10. b4 g5 11. Bg3 exd4 12. exd4 Nh5 13. Qd3 Nf8 14. Rac1 Ne6 15.
Qd2 g4 16. Bh4 Qd7 17. d5 Nef4 18. Bd1 gxf3 19. Bxf3 Qf5 20. h3 Nxh3+ 21. Kh1
Nf6 22. Bxf6 Qxf6 23. Ne4 Qh4 0-1

[Event "Championnat de France - Open C"]
[Site "Aix-les-Bains"]
[Date "2007.08.24"]
[Round "10.9"]
[White "Conchon, Jean-Paul"]
[Black "Fahys, Bertrand"]
[Result "1-0"]
[WhiteElo "1776"]
[BlackElo "1740"]
[PlyCount "93"]
[EventDate "2007.??.??"]

1. e4 d5 2. exd5 Nf6 3. Nf3 Nxd5 4. d4 g6 5. Bc4 c6 6. O-O Bg7 7. c3 O-O 8. Re1
b5 9. Bb3 Nb6 10. Bg5 Bf6 11. Bxf6 exf6 12. Qe2 Bd7 13. Qd2 Bg4 14. Qf4 Bxf3
15. Qxf3 f5 16. Nd2 Re8 17. Re3 Rxe3 18. Qxe3 N8d7 19. Re1 Nf6 20. Nf3 Qd6 21.
Qh6 Nbd5 22. Ng5 Qf8 23. Qxf8+ Rxf8 24. g3 Kg7 25. Nf3 Ne4 26. Bxd5 cxd5 27.
Nh4 Nd2 28. Kg2 Nc4 29. b3 Nb6 30. Nf3 Rc8 31. Re3 a5 32. Nd2 Kf6 33. Nb1 a4
34. Na3 axb3 35. axb3 b4 36. cxb4 Nd7 37. b5 Ra8 38. Nc2 Rb8 39. Na3 Ra8 40. b4
Nb6 41. Rc3 Nc4 42. Nxc4 Rc8 43. Rc2 Rxc4 44. Rxc4 dxc4 45. Kf3 Ke6 46. Ke3 Kd6
47. Kd2 1-0

[Event "Championnat de France - Open C"]
[Site "Aix-les-Bains"]
[Date "2007.08.24"]
[Round "10.10"]
[White "Salgues, Michel"]
[Black "Ravry, Kazoune"]
[Result "0-1"]
[WhiteElo "1711"]
[BlackElo "1767"]
[PlyCount "96"]
[EventDate "2007.??.??"]

1. e4 e6 2. Nc3 d5 3. exd5 exd5 4. Qe2+ Be7 5. d4 Nf6 6. Bg5 O-O 7. O-O-O c6 8.
h4 b5 9. Bxf6 Bxf6 10. g4 Re8 11. Qf3 Qb6 12. g5 Bxd4 13. Nge2 Bxc3 14. Nxc3
Nd7 15. h5 Ne5 16. Qg3 Bf5 17. f4 Ng4 18. Rd2 Qe3 19. Ne2 Qxg3 20. Nxg3 Re1+
21. Rd1 Rxd1+ 22. Kxd1 Ne3+ 23. Kd2 Nxf1+ 24. Rxf1 Bd7 25. Ke3 c5 26. c3 Re8+
27. Kd3 b4 28. cxb4 Bb5+ 29. Kd2 Bxf1 30. Nxf1 cxb4 31. Ne3 Re4 32. Kd3 Rxf4
33. Nxd5 Rf2 34. Nxb4 Rxb2 35. Kc3 Rg2 36. g6 fxg6 37. hxg6 Rxg6 38. Nd5 h5 39.
Ne7+ Kf7 40. Nxg6 Kxg6 41. Kd4 Kf5 42. Ke3 h4 43. a4 h3 44. Kf3 g5 45. a5 g4+
46. Kf2 Ke4 47. Kg3 Kd5 48. Kxg4 h2 0-1

[Event "Championnat de France - Open C"]
[Site "Aix-les-Bains"]
[Date "2007.08.25"]
[Round "11.1"]
[White "Dimart, Denis"]
[Black "Perradin, Vincent"]
[Result "0-1"]
[WhiteElo "1686"]
[BlackElo "1780"]
[PlyCount "108"]
[EventDate "2007.??.??"]

1. d4 Nf6 2. c4 e6 3. Nc3 Bb4 4. Qc2 c5 5. e3 O-O 6. Nf3 d5 7. Bd2 Nc6 8. a3
cxd4 9. exd4 Bxc3 10. Bxc3 dxc4 11. Bxc4 Nd5 12. Bd3 h6 13. O-O b6 14. Rfe1 Bb7
15. Rac1 Rc8 16. Qd2 Qe7 17. Bb1 Rfd8 18. Qd3 Nf6 19. h3 Rd7 20. Rcd1 Rcd8 21.
Qc2 Ba8 22. Re3 Rd6 23. Rde1 Kf8 24. Rd1 Kg8 25. Red3 Kf8 26. b4 Nd5 27. Bd2
Qf6 28. Ba2 Nce7 29. b5 Nf4 30. Bxf4 Qxf4 31. Qd2 Qf6 32. Ne5 Ng6 33. Nxg6+
Qxg6 34. f3 Qf5 35. Qb4 Kg8 36. a4 Bd5 37. Bb1 Qg5 38. Qc3 Qe7 39. Qe1 Rc8 40.
Rc3 Qb7 41. Qe3 Rd7 42. Rxc8+ Qxc8 43. Qd3 g6 44. Qe3 Qc4 45. Rc1 Qxa4 46. Qxh6
Qxd4+ 47. Kh1 Rd8 48. Bxg6 fxg6 49. Qg5 Rf8 50. Rc7 Rf7 51. Qd8+ Kg7 52. Rc8
Kh6 53. Rc1 Qf6 54. Qc7 Rxc7 0-1

[Event "Championnat de France - Open C"]
[Site "Aix-les-Bains"]
[Date "2007.08.25"]
[Round "11.2"]
[White "Bienaime, Pierre"]
[Black "Pinel, Jeremy"]
[Result "1-0"]
[WhiteElo "1678"]
[BlackElo "1663"]
[PlyCount "141"]
[EventDate "2007.??.??"]

1. d4 Nf6 2. c4 e6 3. Nc3 d5 4. e3 b6 5. cxd5 exd5 6. Nf3 Bb7 7. Bd3 Nbd7 8.
O-O a6 9. Re1 Ne4 10. Nd2 Ndf6 11. Qc2 Nxc3 12. bxc3 Be7 13. e4 dxe4 14. Nxe4
Nd5 15. Ba3 O-O 16. Bxe7 Nxe7 17. Qe2 Ng6 18. Qe3 Re8 19. Qg3 Rc8 20. Ng5 b5
21. h4 Qd6 22. h5 Qxg3 23. fxg3 Nf8 24. c4 h6 25. Nf3 b4 26. d5 Nd7 27. Bf5
Rxe1+ 28. Rxe1 Rd8 29. Re7 Bc8 30. Nd4 Kf8 31. Nc6 Re8 32. Rxe8+ Kxe8 33. Nxb4
Ke7 34. Kf2 Kd8 35. Bxd7 Kxd7 36. c5 a5 37. Nd3 Ba6 38. Ke3 f6 39. Kd4 Bb5 40.
Nf4 Bf1 41. Ke4 Bc4 42. a3 Bb3 43. Kd4 Bd1 44. Kc4 a4 45. Kb5 Bb3 46. Ka6 Bc4+
47. Kb7 Bb3 48. d6 c6 49. Kb6 Bc2 50. Ka5 Bd1 51. Kb4 Bc2 52. Kc3 Bf5 53. Kb4
Bc2 54. g4 Bd1 55. Ka5 Bc2 56. g3 Bd1 57. Kb4 Bc2 58. Ng2 Bd1 59. Ne3 Bb3 60.
Nf5 Bd1 61. Nxg7 Bxg4 62. Kxa4 Kc8 63. Kb4 Bd7 64. Kc4 Kb7 65. Kd4 Ka6 66. g4
Bxg4 67. Ne8 Kb7 68. Nxf6 Bd1 69. Ke5 Kc8 70. Ke6 Kd8 71. Kf7 1-0

[Event "Championnat de France - Open C"]
[Site "Aix-les-Bains"]
[Date "2007.08.25"]
[Round "11.3"]
[White "Hadamard, Olivier"]
[Black "Pugin, Jean-Louis"]
[Result "1/2-1/2"]
[WhiteElo "1769"]
[BlackElo "1770"]
[PlyCount "122"]
[EventDate "2007.??.??"]

1. d4 d5 2. e4 dxe4 3. Nc3 Nf6 4. f3 exf3 5. Nxf3 e6 6. Bc4 Bb4 7. O-O c5 8. a3
cxd4 9. axb4 dxc3 10. Qxd8+ Kxd8 11. bxc3 Nbd7 12. Be3 b6 13. Rfd1 Ke7 14. Bf4
Ne4 15. Ra3 Bb7 16. Bb5 Ndf6 17. Rda1 a5 18. bxa5 Rxa5 19. Rxa5 bxa5 20. c4 a4
21. Rxa4 Ra8 22. Rxa8 Bxa8 23. Nd4 Nd7 24. Be3 Ndc5 25. Kf1 g6 26. g3 e5 27.
Nb3 Kd6 28. Ke1 f5 29. Nxc5 Nxc5 30. Kd2 g5 31. Ke2 f4 32. gxf4 gxf4 33. Bg1
Be4 34. Kd2 Bf5 35. Be8 e4 36. Bh5 e3+ 37. Kc3 Ne4+ 38. Kd4 Nf6 39. c5+ Ke6 40.
Bd1 Be4 41. c3 Bc6 42. Bc2 h6 43. Bd3 Ng4 44. h3 Nf2 45. Be2 Nxh3 46. Bg4+ Kf6
47. Bxh3 Kg5 48. Ke5 Kh4 49. Bf1 Kg3 50. Kd4 Kf3 51. Bh2 Kg4 52. Kd3 h5 53.
Be2+ f3 54. Kxe3 fxe2 55. Kxe2 Kf5 56. Kd3 Ke6 57. Bg3 Kd7 58. Kd4 Bf3 59. Ke5
Kc6 60. Kf4 Bd1 61. Bf2 Bg4 1/2-1/2

[Event "Championnat de France - Open C"]
[Site "Aix-les-Bains"]
[Date "2007.08.25"]
[Round "11.5"]
[White "Guilchard, Benjamin"]
[Black "Pinson, Luc"]
[Result "1-0"]
[WhiteElo "1790"]
[BlackElo "1520"]
[PlyCount "59"]
[EventDate "2007.??.??"]

1. e4 e5 2. Nf3 Nc6 3. Bb5 d6 4. d4 exd4 5. Qxd4 Bd7 6. Bxc6 Bxc6 7. Nc3 Nf6 8.
Bg5 Be7 9. O-O-O O-O 10. h4 Re8 11. Nd5 Nxd5 12. exd5 Bd7 13. Qd3 a5 14. Bxe7
Rxe7 15. Ng5 g6 16. Ne4 Re5 17. f4 Rf5 18. Qd2 Rh5 19. Qd4 Rf5 20. h5 Qe7 21.
hxg6 fxg6 22. Ng5 Rxg5 23. fxg5 Qxg5+ 24. Kb1 Qe7 25. Rde1 Qf7 26. Rhf1 Bf5 27.
g4 Bxc2+ 28. Kxc2 Qd7 29. Qf6 Qa4+ 30. Kb1 1-0

[Event "Championnat de France - Open C"]
[Site "Aix-les-Bains"]
[Date "2007.08.25"]
[Round "11.6"]
[White "Pierrot, Philippe"]
[Black "Conchon, Jean-Paul"]
[Result "0-1"]
[WhiteElo "1740"]
[BlackElo "1776"]
[PlyCount "98"]
[EventDate "2007.??.??"]

1. e4 e5 2. Nf3 Nc6 3. Bc4 Nf6 4. d4 exd4 5. O-O Nxe4 6. Bd5 Nf6 7. Bxc6 dxc6
8. Re1+ Be7 9. Qxd4 Be6 10. Bf4 Nd5 11. Be5 Bf6 12. a3 Bxe5 13. Qxe5 O-O 14.
Nbd2 Qd6 15. Qxd6 cxd6 16. Nd4 Nc7 17. Ne4 Rad8 18. Rad1 Bd5 19. Nc3 Rfe8 20.
Rxe8+ Rxe8 21. Nxd5 Nxd5 22. Kf1 g6 23. Nb3 Rd8 24. Na5 Rd7 25. b4 Ne7 26. Nc4
d5 27. Ne3 f6 28. Ng4 Kg7 29. c4 Nf5 30. h3 Kf7 31. Nh2 Ke7 32. cxd5 Rxd5 33.
Rxd5 cxd5 34. Ke2 h5 35. Kd3 Ke6 36. Nf3 g5 37. g4 hxg4 38. hxg4 Nd6 39. a4 a6
40. Kd4 Ne4 41. Ke3 Nc3 42. a5 Na2 43. Nd4+ Kd6 44. Nf5+ Ke5 45. b5 axb5 46.
Nd4 b4 47. Nb3 Kd6 48. Kd4 Nc3 49. Kd3 Ne4 0-1

[Event "Championnat de France - Open C"]
[Site "Aix-les-Bains"]
[Date "2007.08.25"]
[Round "11.7"]
[White "Ravry, Kazoune"]
[Black "Saucey, Capucine"]
[Result "1/2-1/2"]
[WhiteElo "1767"]
[BlackElo "1629"]
[PlyCount "107"]
[EventDate "2007.??.??"]

1. d4 d5 2. e3 g6 3. c4 c6 4. cxd5 cxd5 5. Nc3 Nc6 6. Nf3 Bg7 7. Be2 Nf6 8. Bd2
O-O 9. O-O Ne4 10. Be1 f5 11. Qb3 e6 12. Rc1 a6 13. Na4 b5 14. Rxc6 bxa4 15.
Qb6 Bd7 16. Qxd8 Rfxd8 17. Rc2 Bb5 18. Bxb5 axb5 19. Bb4 Rdc8 20. Rfc1 Rc4 21.
Rxc4 bxc4 22. Nd2 Rb8 23. Nxe4 Rxb4 24. Nc5 Rxb2 25. Nxa4 Rxa2 26. Nc3 Ra5 27.
Kf1 e5 28. dxe5 Bxe5 29. h3 Bxc3 30. Rxc3 Kf7 31. Ke2 Ke6 32. Rc2 Kd6 33. Kd2
Kc5 34. Ke2 d4 35. exd4+ Kxd4 36. Rd2+ Kc3 37. Rd7 Ra2+ 38. Ke3 Kc2 39. Rxh7 c3
40. Rg7 Ra6 41. g4 fxg4 42. hxg4 Rd6 43. f4 Kc1 44. f5 gxf5 45. gxf5 c2 46. Rc7
Rb6 47. Kf4 Kb2 48. Kg5 c1=Q+ 49. Rxc1 Kxc1 50. f6 Rb2 51. f7 Rf2 52. Kg6 Kd2
53. Kg7 Rg2+ 54. Kf6 1/2-1/2

[Event "Championnat de France - Open C"]
[Site "Aix-les-Bains"]
[Date "2007.08.25"]
[Round "11.8"]
[White "Fontaine, Olivier"]
[Black "Vinogradov, Dimitri"]
[Result "1/2-1/2"]
[WhiteElo "1760"]
[BlackElo "1740"]
[PlyCount "160"]
[EventDate "2007.??.??"]

1. d4 g6 2. Nf3 f5 3. g3 Nf6 4. c4 c5 5. d5 d6 6. Bg2 Bg7 7. Nc3 a6 8. O-O e5
9. dxe6 Bxe6 10. Nd5 Bxd5 11. cxd5 Qb6 12. Ng5 Nbd7 13. Ne6 Kf7 14. b3 h5 15.
Bb2 c4 16. Bd4 Nc5 17. bxc4 h4 18. Rb1 Qa7 19. e4 Rh5 20. Bf3 hxg3 21. fxg3 Rh7
22. Bxc5 dxc5 23. Ng5+ Kg8 24. Nxh7 Nxh7 25. exf5 b5 26. cxb5 axb5 27. fxg6 Ng5
28. Bg2 c4+ 29. Kh1 c3 30. Rxb5 Qd7 31. Qb3 Qd6 32. Rb6 Qd8 33. d6+ Kh8 34.
Bxa8 Qxa8+ 35. Rb7 Ne6 36. h3 Nc5 37. Qd5 Qxb7 38. Qxb7 Nxb7 39. d7 Bh6 40. Rf2
Bd2 41. Rf8+ Kg7 42. Rc8 Kxg6 43. Kg2 Kf6 44. h4 Ke7 45. h5 Kxd7 46. Rxc3 Bxc3
47. g4 Ke7 48. Kh3 Kf6 49. Kg3 Kg5 50. h6 Kxh6 51. Kf4 Bd2+ 52. Ke4 Kg5 53. a4
Nc5+ 54. Kf3 Nxa4 55. Ke4 Kxg4 56. Kd5 Kf5 57. Kd4 Nb2 58. Kd5 Be3 59. Kc6 Ke5
60. Kb5 Kd5 61. Kb4 Nd3+ 62. Kb5 Ne5 63. Ka6 Bd2 64. Kb5 Nd7 65. Ka6 Kc6 66.
Ka7 Bb4 67. Ka6 Ne5 68. Ka7 Nd3 69. Kb8 Be7 70. Ka7 Nb4 71. Kb8 Bd8 72. Kc8 Bb6
73. Kb8 Na6+ 74. Kc8 Nc5 75. Kb8 Nd3 76. Ka8 Bc7 77. Ka7 Nc5 78. Ka8 Ba5 79.
Ka7 Ne4 80. Ka8 Kc7 1/2-1/2

[Event "Championnat de France - Open C"]
[Site "Aix-les-Bains"]
[Date "2007.08.25"]
[Round "11.9"]
[White "Houdeyer, Hendricks"]
[Black "Rost, Pierre"]
[Result "0-1"]
[WhiteElo "1660"]
[BlackElo "1772"]
[PlyCount "72"]
[EventDate "2007.??.??"]

1. e4 c5 2. d4 cxd4 3. c3 d3 4. Bxd3 Nc6 5. f4 e5 6. f5 d5 7. Qf3 d4 8. a3 Nf6
9. Ne2 Qb6 10. c4 Na5 11. b4 Nb3 12. Ra2 Nxc1 13. Nxc1 a5 14. c5 Qc7 15. O-O
axb4 16. axb4 Rxa2 17. Nxa2 Bd7 18. Rc1 Be7 19. Nd2 O-O 20. g4 Ra8 21. Rc2 g6
22. Nc4 h5 23. g5 Ng4 24. f6 Bd8 25. h3 Ne3 26. Nxe3 dxe3 27. Qxe3 Be6 28. Nc3
Qd7 29. Kh2 Ra3 30. Bf1 Bc7 31. Rd2 Qd4 32. Qxd4 exd4+ 33. Kg1 dxc3 34. Rc2 Be5
35. b5 Bd4+ 36. Kg2 Bxc5 0-1